| 000 | 00651mam a2200169ua 4500 | ||
|---|---|---|---|
| 020 | _a067943593X : | ||
| 082 | 0 | 0 |
_a937.06 _bGIB |
| 100 | 1 | _aGibbon, Edward, | |
| 245 | 1 | 4 |
_aThe decline and fall of the Roman Empire / _cEdward Gibbon ; with an introduction by Hugh Trevor-Roper. |
| 260 |
_aNew York : _bAlfred A. Knopf : _bDistributed by Random House, Inc., _c<1993- |
||
| 300 |
_av. ; _c22 cm. |
||
| 490 | 1 | _aEveryman's library | |
| 505 | 1 | _av. 1-3. (Without special title) -- v. 4. Chapters XXXVII-XLVI -- v. 5. Chapters XLVII-LVI -- v. 6. Chapters LVII-LXXI | |
| 526 |
_a0 _b0 _c0 _d937_060000000000000_GIB |
||
| 650 |
_aMCE _9379 |
||
| 942 |
_2ddc _cBK |
||
| 999 |
_c553393 _d553393 |
||